00538nam a22001817a 450000500170000000800410001704000070005804100120006508200220007710000230009924500510012226000660017330000280023936500180026765000250028565000210031070000250033120220531161753.0220531b ||||| |||| 00| 0 eng d cAL aEnglish 223a954.035bAMBB aBabasaheb Ambedkar aBabasaheb Ambedkar Writings and Speeches Vol 7 aBombaybEducation Department Government of Maharashtra c1990 av,382 p.bHBc25x15 cm. c₹d₹40.00 aWho were the Shudras aThe Untouchables aAMBEDKAR (Babasaheb)